| 000 | 00720nam a22002057a 4500 | ||
|---|---|---|---|
| 003 | 0 | ||
| 005 | 20250930121622.0 | ||
| 008 | 250930b xxu||||| |||| 00| 0 eng d | ||
| 020 | _a978-1-394-17317-4 | ||
| 050 |
_aBF 176 _b.E84 2025 |
||
| 245 |
_aEssentials of culture in psychological assessment / _cedited by A. Jordan Wright. |
||
| 260 |
_aHoboken, New Jersey : _bJohn Wiley & Sons, Inc., _c2025. |
||
| 300 |
_axiii, 546 pages ; _c22 cm. |
||
| 504 | _aIncludes bibliographical references and index. | ||
| 650 |
_aPsychological tests _xCross-cultural studies. |
||
| 650 | _aCross-cultural psychology. | ||
| 650 |
_aCulture _xPsychological aspects. |
||
| 650 |
_aClinical psychology _xMethodology. |
||
| 942 |
_2lcc _cBK |
||
| 999 |
_c368155 _d368155 |
||